000 00641nam a22002537a 4500
003 UA-OsUOA
001 127276
007 ta
008 20171123b un ||||| |||| 00| 0 ukr d
100 _aАсмус В. Ф.
090 _a1(091)"6"
_bА90
942 _cBK
040 _aUA-OsUOA
_brus
_cUA-OsUOA
_dUA-OsUOA
245 _aАнтичная философия
300 _a543 с.
955 _a2
041 _arus
080 _a1(091)"6"
260 _aМ.
_bВысшая школа
_c1976
044 _aRU
250 _n2-е изд.
650 7 _a1(091) Історія філософії
_2UDC
999 _c414424
_d414424